000 00546nam a2200205 u 4500
005 20210223132947.0
008 160601s2008 ag r 000 0 spa d
020 _a9789872084776
035 _aUPN01000211012
049 _aF
050 4 _aPN6153
_bC3.4
100 1 _aCachimba, Max,
_d1969-
_938974
245 1 0 _aHumor idiota /
_cMax Cachimba.
260 _aBuenos Aires :
_bPequeño,
_c2008.
300 _a[19] p. :
_bil. col.
440 0 _aCuadriños
650 4 _aHUMOR NEGRO (LITERATURA)
_924915
905 _aLibro
999 _c183113
_d183113